000 01126nam a22003257a 4500
005 20230512224049.0
008 221114t xxu||||| |||| 00| 0 eng d
020 _a9789715427722
040 _cCSPC
050 0 _aHM781
082 0 _a303.34092
_bD779m
100 _aDoyo, Ma. Ceres P.,
_eauthor.
245 0 0 _aMacli-ing Dulag :
_bKalinga chief : defender of the Cordillera /
_cMa. Ceres P. Doyo.
260 _aDiliman, Quezon City:
_bUniversity of the Philippines Press,
_c2015.
300 _aviii, 92 pages :
_billustrations ;
_c23 cm.
336 _2rdacontent
_atext
337 _2rdamedia
_aunmediated
338 _2rdacarrier
_avolume
504 _aIncludes bibliographical references.
600 1 0 _aDulag, Macli-ing, 1930-1980.
650 1 0 _aCommunity leadership
_vBiography.
650 1 0 _aLeadership
_vBiography.
650 1 0 _aKalinga-Apayao (Philippines)
_xHistory.
650 1 0 _aKalinga-Apayao (Philippines)
_xSocial condition.
700 1 _aCastro, Nestor.
940 _amae
942 _cBOOK
_jFIL 303.34092 D779m 2015
999 _c12775
_d12775